| 000 | 00962nam a2200277 i 4500 | ||
|---|---|---|---|
| 001 | 9563 | ||
| 003 | ES-MaACL | ||
| 005 | 20230906145716.0 | ||
| 007 | t| | ||
| 008 | 931105s1992 sp ||||1| spa d | ||
| 020 | _a84-481-0009-3 | ||
| 080 | _a523.44 | ||
| 100 | 1 |
_aErickson, Jon. _947389 |
|
| 245 | 1 | 0 |
_aObjetivo la tierra _b: colisiones con asteroides, pasado y futuro / _cJon Erickson ; traducción Alicia Sánchez ; revisión técnica, José Meseguer Ruiz. |
| 260 |
_aMadrid [etc.] : _bMcGraw-Hill, _cD.L. 1992. |
||
| 300 |
_a209 p., [4] p. de lám. col. : _bil. ; _c21 cm. |
||
| 490 | 1 | _aSerie McGraw-Hill de divulgación científica | |
| 500 | _aBibliogr.: p. 197-202. | ||
| 500 | _aIndice. | ||
| 650 | 1 | 4 |
_aAsteroides. _910383 |
| 700 | 1 |
_aSánchez, Alicia. _9102337 |
|
| 700 | 1 |
_aMeseguer Ruiz, José. _980659 |
|
| 830 | 0 |
_aSerie McGraw-Hill de divulgación científica _9178515 |
|
| 852 |
_aES-MaACL _jL-17118 _bR.122043 |
||
| 999 |
_c9563 _d9563 |
||